000 00612nam a2200217 i 4500
001 147585
003 ES-MaACL
005 20230906202120.0
007 t|
008 071003s1985 sp ||||1| spa d
020 _a84-85.781-45-7
100 1 _aUria, Paloma.
_9211169
245 1 0 _aPolémicas feministas /
_cPaloma Uria, Empar Pineda, Monserrat Olivan.
250 _a[1ª ed.].
260 _aMadrid :
_bRevolución,
_c1985.
300 _a161 p. ;
_c19 cm.
700 1 _aPineda, Empar.
_992095
700 1 _aOliván, Montserrat.
_986747
852 _aES-MaACL
_jL-10005
_bR.111982
999 _c147585
_d147585